Logo Biblioteca

Mafalda 5 / (Registro nro. 93)

Detalles MARC
000 -LEADER
fixed length control field 00445nam a22001697a 4500
003 - CONTROL NUMBER IDENTIFIER
control field OSt
005 - DATE AND TIME OF LATEST TRANSACTION
control field 20240930092219.0
008 - FIXED-LENGTH DATA ELEMENTS--GENERAL INFORMATION
fixed length control field 231004q2022 ag ||||| |||| 00| h spa d
020 ## - INTERNATIONAL STANDARD BOOK NUMBER
International Standard Book Number 9789505156054
040 ## - CATALOGING SOURCE
Transcribing agency besoc
100 1# - MAIN ENTRY--PERSONAL NAME
Personal name Quino
Dates associated with a name (1932-2020)
Relator term autor
245 10 - TITLE STATEMENT
Title Mafalda 5 /
Statement of responsibility, etc. Quino
260 ## - PUBLICATION, DISTRIBUTION, ETC.
Place of publication, distribution, etc. Buenos Aires :
Name of publisher, distributor, etc. Ediciones de la Flor,
Date of publication, distribution, etc. 2022?
300 ## - PHYSICAL DESCRIPTION
Extent 50 p.
650 #4 - SUBJECT ADDED ENTRY--TOPICAL TERM
Topical term or geographic name entry element Literatura argentina
Form subdivision Historieta
Chronological subdivision Siglo XX
942 ## - ADDED ENTRY ELEMENTS (KOHA)
Source of classification or shelving scheme Universal Decimal Classification
Koha item type Obra General
Suppress in OPAC No
Existencias
Withdrawn status Lost status Source of classification or shelving scheme Damaged status Not for loan Collection Home library Current library Date acquired Total checkouts Full call number Barcode Date last seen Price effective from Koha item type
    Universal Decimal Classification     Colección General Biblioteca Escuela de Ciencias Sociales Biblioteca Escuela de Ciencias Sociales 04/10/2023   82-36(82) Q7 000883 04/10/2023 04/10/2023 Obra General
Biblioteca de la Escuela Preuniversitaria en Ciencias Sociales y Humanísticas.
Riobamba 250 bis.
CP 2000 - Rosario - Santa Fe
E-Mail: biblioteca@esociales.unr.edu.ar